Nature and utility of religion

Uloženo v:
Podrobná bibliografie
Hlavní autor: Mill, John Stuart (autor)
Médium: Kniha
Jazyk:angličtina
Vydáno: Indianápolis The Bobbs-Merrill 1958
Edice:The Library of Liberal Arts
Témata:
Tagy: Přidat tag
Žádné tagy, Buďte první, kdo vytvoří štítek k tomuto záznamu!

MARC

LEADER 00000nam a2200000 a 4500
001 UCZ4810
003 CL-VaPUC
008 951110e19580000US |||||||||||||||||eng|d
082 0 4 |a 210  |b MIL  |2 21 
100 |a Mill, John Stuart   |e autor  |9 257759 
245 1 0 |a Nature and utility of religion 
300 |a 80 p 
942 |c BK 
945 |d 19951110 00:00:00  |a lriquelm 
260 |a Indianápolis  |b The Bobbs-Merrill  |c 1958 
650 0 |a Teología   |9 258766 
650 0 |a Creencia Religiosa  |9 316904 
650 0 |a Filosofía de la naturaleza  |9 265899 
650 0 |a Religión   |9 255164 
583 |a last modification  |c 19951110 00:00:00  |k Rodrigo Vera 
490 0 |a The Library of Liberal Arts 
999 |c 241174  |d 241172 
952 |0 0  |1 0  |4 0  |6 210_000000000000000_MIL_1958  |7 0  |8 P  |9 253356  |a BIBEDU  |b BIBEDU  |c BIBEDU_PB  |d 2019-11-19  |i 1599887  |o 210 MIL 1958  |p 1599887  |r 2024-01-25  |w 2019-11-19  |y BK  |k FIL